Basic Christianity / (Record no. 9467)

MARC details
000 -LEADER
fixed length control field 00687nam a2200253Ii 4500
001 - CONTROL NUMBER
control field 2732272
003 - CONTROL NUMBER IDENTIFIER
control field GBCCL
005 - DATE AND TIME OF LATEST TRANSACTION
control field 20241126110712.0
008 - FIXED-LENGTH DATA ELEMENTS--GENERAL INFORMATION
fixed length control field 770210c19711973xx 000 0 eng d
010 ## -
-- 58013513
020 ## - INTERNATIONAL STANDARD BOOK NUMBER
International Standard Book Number 0802811892
035 ## - SYSTEM CONTROL NUMBER
System control number tcgc96180
040 ## - CATALOGING SOURCE
Original cataloging agency ISB
Transcribing agency ISB
Modifying agency m.c.
-- LTS
082 ## - DEWEY DECIMAL CLASSIFICATION NUMBER
Classification number 230.01
Item number STO
090 ## - LOCALLY ASSIGNED LC-TYPE CALL NUMBER (OCLC); LOCAL CALL NUMBER (RLIN)
Classification number (OCLC) (R) ; Classification number, CALL (RLIN) (NR) BT77
Local cutter number (OCLC) ; Book number/undivided call number, CALL (RLIN) .S74 1971
100 1# - MAIN ENTRY--PERSONAL NAME
Personal name Stott, John R. W.
9 (RLIN) 325
245 10 - TITLE STATEMENT
Title Basic Christianity /
Statement of responsibility, etc. John R. W. Stott.
250 ## - EDITION STATEMENT
Edition statement 2d ed.
260 ## - PUBLICATION, DISTRIBUTION, ETC.
Place of publication, distribution, etc. Grand Rapids :
Name of publisher, distributor, etc. Eerdmans,
Date of publication, distribution, etc. 1971.
300 ## - PHYSICAL DESCRIPTION
Extent 142 p. ;
Dimensions 18 cm.
650 #0 - SUBJECT ADDED ENTRY--TOPICAL TERM
Topical term or geographic name entry element Theology, Doctrinal
Form subdivision Popular works.
9 (RLIN) 2476
650 #0 - SUBJECT ADDED ENTRY--TOPICAL TERM
Topical term or geographic name entry element Theology, Doctrinal
Form subdivision Popular works.
9 (RLIN) 2476
942 ## - ADDED ENTRY ELEMENTS (KOHA)
Source of classification or shelving scheme Dewey Decimal Classification
Koha item type Books
Holdings
Withdrawn status Lost status Source of classification or shelving scheme Damaged status Not for loan Home library Current Library Shelving location Date acquired Total checkouts Full call number Barcode Date last seen Copy number Price effective from Koha item type
    Dewey Decimal Classification     GRACE BIBLE COLLEGE GRACE BIBLE COLLEGE Theology 2023-01-17   230.01 STO 020374 2025-05-01 c.1 2023-01-17 Books
    Dewey Decimal Classification     GRACE BIBLE COLLEGE GRACE BIBLE COLLEGE Theology 2023-12-12   230.01 STO 020680 2025-05-01 c.2 2023-12-12 Books
© Grace Bible College Library 2025